=LDR 00000nam 2200000 4500 =001 INLIS000000000014569 =005 20130612105840 =008 ***********************************Ind** =035 ##$$0010-061300000014569 =041 ##$$a Ind =082 ##$$a 636.31 =090 ##$$a 636.31, Her b =100 ##$$a Heryadi, Dedi =245 ##$$a Back yard, pembenihan udang skala rumah tangga, Dedi heryadi, Sutadi =260 ##$$a 1993 $b Jakarta =300 ##$$a v, 65 hlm, Ilus; 21 cm =650 ##$$a Udang-pembibitan =700 ##$$a Sutadi =850 ##$$a NBPNMAT